[Event "45th Olympiad Budapest 2024"]
[Site "Budapest"]
[Date "2024.09.20"]
[Round "9.1"]
[White "Kadric, Denis"]
[Black "Henderson De La Fuente, Lance"]
[Result "1/2-1/2"]
[WhiteElo "2553"]
[BlackElo "2519"]
[PlyCount "84"]
[EventDate "2024.09.11"]
[EventType "team"]
[EventRounds "11"]
[EventCountry "HUN"]
[WhiteTeam "Montenegro"]
[BlackTeam "Andorra"]
[WhiteTeamCountry "MNE"]
[BlackTeamCountry "AND"]

1. e4 c5 2. Nf3 Nc6 3. Nc3 e5 4. Bc4 Be7 5. d3 Nf6 6. h3 ({RR} 6. Bg5 d6 7. Bxf6 Bxf6 8. Nd5 O-O 9. c3 Bg5 10. a3 Kh8 11. b4 Bh6 12. O-O f5 13. exf5 Bxf5 14. Nd2 Qh4 15. Qe2 Bxd2 16. Qxd2 Rad8 17. b5 Na5 18. Ne3 Nxc4 19. dxc4 Be6 20. Qe2 Rf6 {Ivanov,A (2589)-Lautier,J (2680) Khanty-Mansiysk 2005 0-1 (31)}) 6... O-O 7. Nh2 d6 $146 ({RR} 7... a6 8. a4 d6 9. Ng4 Be6 10. Nxf6+ Bxf6 11. O-O Kh8 12. Nd5 Rb8 13. c3 Bg5 14. Qh5 Bxc1 15. Raxc1 b5 16. axb5 axb5 17. Bb3 c4 18. Bc2 Ne7 19. Nb4 g6 20. Qe2 Qb6 21. Rcd1 Nc6 22. Nxc6 {Balashov,Y (2423)-Sveshnikov,E (2464) Minsk 2018 ½-½ (36)}) 8. Ng4 Nd7 9. a4 Nb6 10. Ne3 Nxc4 11. dxc4 Bg5 12. Ncd5 Bxe3 13. Nxe3 Ne7 14. g4 Kh8 15. Ra3 Qa5+ 16. Bd2 Qc7 17. f3 Bd7 18. h4 f6 19. h5 h6 20. Nf5 Be6 21. b3 a5 22. Be3 Rad8 23. Kf2 b6 24. Qd2 Nxf5 25. gxf5 Bg8 26. Raa1 Bh7 27. Rhg1 Rf7 28. Rg6 Qb7 29. Rag1 Qe7 30. R1g4 Qb7 31. Qc1 Qe7 32. Kg3 Qc7 33. Kh4 Qe7 34. Rg1 Qb7 35. R6g2 Qe7 36. Rd2 Qf8 37. Rd5 Rfd7 38. Qd2 Bg8 39. Rd3 Bh7 40. Rd1 Qe7 41. Qe2 Qe8 42. R1d2 Bg8 1/2-1/2

[Event "45th Olympiad Budapest 2024"]
[Site "Budapest"]
[Date "2024.09.20"]
[Round "9.2"]
[White "De La Riva Aguado, Oscar"]
[Black "Petrov, Nikita"]
[Result "0-1"]
[WhiteElo "2431"]
[BlackElo "2574"]
[PlyCount "72"]
[EventDate "2024.09.11"]
[EventType "team"]
[EventRounds "11"]
[EventCountry "HUN"]
[WhiteTeam "Andorra"]
[BlackTeam "Montenegro"]
[WhiteTeamCountry "AND"]
[BlackTeamCountry "MNE"]

1. e4 c5 2. Nf3 Nc6 3. Bb5 e6 4. Bxc6 bxc6 5. d3 Qc7 6. O-O e5 7. c3 ({RR} 7. Nh4 d5 8. f4 Be7 9. Qe1 Qd8 10. Nf3 exf4 11. Bxf4 Nf6 12. Nc3 O-O 13. Kh1 Re8 14. h3 dxe4 15. dxe4 Ba6 16. Rf2 Qb6 17. Rb1 h6 18. Bg3 Rad8 19. e5 Nd5 20. Nh4 Bxh4 21. Bxh4 f6 {LCZero 0.31-dag-5350a2e-BT4-6 (3631)-Stockfish dev-20240728-2343f7 (3662) tcec-chess.com INT 2024 ½-½ (36)}) 7... Ne7 8. d4 d6 $146 ({RR} 8... cxd4 9. cxd4 Ng6 10. Nc3 Be7 11. Nxe5 Nxe5 12. dxe5 Qxe5 13. Be3 O-O 14. Qd2 Bb4 15. Bd4 Qe7 16. a3 Ba5 17. Qe3 d6 18. Qg3 f6 19. Rfe1 Be6 20. b4 Bc7 21. Nd5 Qd8 22. Nxc7 Qxc7 23. Rad1 {Nevednichy,V (2548)-Wonner,F (2167) Nancy 2017 1-0 (38)}) ({RR} 8... cxd4 9. cxd4 exd4 10. Qxd4 Ng6 11. Nc3 f6 12. Re1 Be7 13. Be3 O-O 14. Rac1 Qb7 15. h4 d6 16. h5 Ne5 17. Nh4 Be6 18. Nf5 Rfd8 19. h6 g6 20. Nxe7+ Qxe7 21. b3 a5 22. Qd2 Rd7 23. Na4 {Fromm,M (2446)-Pranav,A (2519) chess.com INT 2024 1-0 (47)}) 9. Be3 Ng6 10. Nbd2 Be7 11. Qa4 O-O 12. dxe5 dxe5 13. Rfe1 Be6 14. Ng5 Bd7 15. Nb3 Nf4 16. Bxf4 exf4 17. Nf3 Be6 18. e5 g5 19. Nfd2 Rfd8 20. Ne4 Rd5 21. Nf6+ Bxf6 22. exf6 Rad8 23. Na5 R8d6 24. Nc4 Rd7 25. Na5 Qd8 26. c4 Rf5 27. Qxc6 Qxf6 28. Nb3 Qe7 29. h3 Kg7 30. Rac1 h5 31. Qf3 Qf6 32. Re2 g4 33. hxg4 hxg4 34. Qe4 Rh5 35. Ree1 Qh6 36. Kf1 Bf5 0-1

[Event "45th Olympiad Budapest 2024"]
[Site "Budapest"]
[Date "2024.09.20"]
[Round "9.3"]
[White "Djukic, Nikola"]
[Black "Ribera Veganzones, Serni"]
[Result "1-0"]
[WhiteElo "2515"]
[BlackElo "2309"]
[PlyCount "81"]
[EventDate "2024.09.11"]
[EventType "team"]
[EventRounds "11"]
[EventCountry "HUN"]
[WhiteTeam "Montenegro"]
[BlackTeam "Andorra"]
[WhiteTeamCountry "MNE"]
[BlackTeamCountry "AND"]

1. e4 {Ftacnik,Lubomir} c5 2. Nf3 d6 3. d4 cxd4 4. Nxd4 Nf6 5. Nc3 a6 6. Be3 e5 7. Nb3 Be6 8. f3 Be7 9. Qd2 h5 10. Be2 Nbd7 11. Nd5 Nxd5 12. exd5 Bf5 13. O-O ({RR} 13. Na5 Qc7 14. c4 O-O ({RR} 14... Bh4+ 15. g3 Bf6 16. Rc1 b6 17. Nc6 a5 18. O-O Bh3 19. Rfe1 g6 20. b3 Bg7 21. a3 O-O 22. b4) 15. O-O Bf6 16. Rac1 b6 17. Nc6 Nb8 18. Nxb8 Raxb8 19. b4 Qd7 20. c5 bxc5 21. bxc5 dxc5 22. Rxc5 Be7) ({RR} 13. c4 b6 14. O-O Nf6 15. Nc1 a5 16. b3 h4 17. a3 Nh5 18. Bd3 Bd7 19. Ne2 f5 20. f4 e4 21. Bc2 Bf6 22. Nd4 Qc7 23. Rac1 g6 24. Bb1 Kf7 25. Nb5) 13... a5 ({RR} 13... Qc7 14. c4 b6 15. f4 g6 16. Rad1 ({RR} 16. fxe5 dxe5 17. Nc1 a5 18. a3 Nc5 19. b3 h4 20. Ra2 O-O 21. Qe1 Kg7 22. b4 axb4 23. axb4 Rxa2 24. Nxa2 Nd3 25. Qc3 Ra8) 16... a5 17. fxe5 Nxe5 ({RR} 17... dxe5 18. d6) 18. Rxf5 ({RR} 18. Nd4 Bd7 19. Nf3 Nxf3+ 20. Rxf3) 18... gxf5 19. Nd4 Ng4 ({RR} 19... Rg8 20. Nxf5 ({RR} 20. b3 h4 21. Nxf5 Bf6) 20... Nxc4 21. Bxc4 ({RR} 21. Rc1 b5 22. b3 Qd7 23. bxc4 Qxf5 24. cxb5 Rb8) 21... Qxc4 22. Re1 Kd7) 20. Nc6 ({RR} 20. Bxg4 hxg4 ({RR} 20... fxg4 21. Nc6 f6 ({RR} 21... Bf6 22. Qf2) 22. Re1 Rh7 23. Qc2) 21. Nxf5 Bf6 22. Qe2) 20... Rg8 ({RR} 20... Nxe3 21. Qxe3 Kf8 22. Qc3 Rh6 23. Rf1 Bf6 24. Qd2 Kg7 25. Rxf5 h4 26. Bd3) 21. Rf1 Ne5 ({RR} 21... Nxe3 22. Qxe3 h4 23. Rxf5) ({RR} 21... h4 22. Rxf5 h3 23. g3) 22. Rxf5 Nxc6 ({RR} 22... h4 23. Bh5 h3 24. g3 Rg7 ({RR} 24... Rf8 25. Qf2) 25. Bd4) 23. dxc6 O-O-O ({RR} 23... Qxc6 24. Bf3 Qc8 ({RR} 24... Qd7 25. Qd5 Bd8 26. Bxh5 Rg7 27. Bh6 Rh7 28. Qe4+ Qe7 29. Rxf7 Rxf7 30. Qc6+ Qd7 31. Bxf7+) 25. Qd5 Rb8 26. Qxf7+ Kd7 27. Rf6 Rf8 28. Rxd6+ Kxd6 29. Bf4+ Kd7 30. Qd5+) 24. Qd5 Rde8 ({RR} 24... Rdf8 25. Bxh5) 25. Rxf7 Kb8 ({RR} 25... Ref8 26. Qe6+ Kd8 27. Rxe7 Qxc6 28. Bf3 Rxf3 29. Qxg8+ Kxe7 30. Bg5+ Rf6 31. Qg7+) 26. Bf4 Ka7 ({RR} 26... Rgf8 27. Rxe7 Rxe7 28. Bxd6 Rd8 29. Bxc7+ Kxc7 30. Qf5 Rxe2 31. Qf7+ Kd6 32. Qf4+ Kc5 33. Qg5+) 27. c5 bxc5 28. Bxd6 {Topalov,V (2733)-Zhang,Z (2657) Moscow 2001 CBM 086 [Ftacnik,Lubomir] 1-0}) ({RR} 13... O-O 14. c4 Bh7 15. Na5 Qc8 16. b4 Bd8 17. Nb3 b6 18. Rac1 Qb8 19. f4 h4 20. f5) 14. a4 ({RR} 14. f4 a4 15. fxe5 axb3 16. Rxf5 bxa2 17. e6 Nf6 18. exf7+ Kxf7 19. Bd4 Qc8 20. Bd3 Rf8 21. Qe2 Rh8 22. b3 Qd7 23. c3 Ra3 24. Rxa2 Rha8 25. Qxh5+ Kg8 26. Rxf6) 14... O-O 15. Bb5 ({RR} 15. f4 exf4 16. Bxf4 Nf6 17. Bf3 Re8 18. Nd4 Bg6 19. Rae1 Qb6 20. c3 Ng4 21. Bxg4 hxg4 22. Be3 Qc7 23. Nb5 Qc4 24. Rf4 Qc8 25. Rf2 Bh4 26. g3 Be7 27. Bd4 Qd7 28. c4 Rac8 29. b3 Qd8 {Karimova,G (2115)-Padmini,R (2328) chess.com INT 2024 0-1 (43)}) 15... Nf6 $146 ({RR} 15... b6 16. Rac1 Nc5 17. Na1 Bg6 18. Bc6 Rb8 19. c3 f5 20. b4 Nd3 21. Qxd3 f4 22. Qxg6 fxe3 23. Nc2 Bg5 24. Rce1 {1-0 (24) Escalona Landi,S (2218)-Mkrtchyan,M (1946) chess.com INT 2023}) 16. Rad1 b6 17. c3 Rb8 18. Qe1 Bc2 19. Na1 Bxd1 20. Qxd1 h4 21. Nc2 Nh5 22. Na3 Bg5 23. Bf2 f5 24. Nc4 Rf6 25. Qc2 Nf4 26. Rd1 Rf7 27. Bc6 Bh6 28. Kh1 Qg5 29. Bxb6 Rxb6 30. Nxb6 Rf6 31. Be8 h3 32. g3 Ng2 33. Qe2 Rf8 34. Bd7 Ne3 35. Rg1 Kh8 36. b4 Qd8 37. bxa5 Qc7 38. Bc6 f4 39. g4 Bg5 40. Qd3 Rf6 41. Nd7 1-0

[Event "45th Olympiad Budapest 2024"]
[Site "Budapest"]
[Date "2024.09.20"]
[Round "9.4"]
[White "Ribera Veganzones, Josep Maria"]
[Black "Tomic, Aleksandar"]
[Result "0-1"]
[WhiteElo "2167"]
[BlackElo "2311"]
[PlyCount "84"]
[EventDate "2024.09.11"]
[EventType "team"]
[EventRounds "11"]
[EventCountry "HUN"]
[WhiteTeam "Andorra"]
[BlackTeam "Montenegro"]
[WhiteTeamCountry "AND"]
[BlackTeamCountry "MNE"]

1. e4 c5 2. Nf3 Nc6 3. d4 cxd4 4. Nxd4 e5 5. Nb5 d6 6. c4 a6 7. N5a3 f5 8. Nc3 Nf6 9. Bd3 f4 10. Nc2 Be7 11. O-O ({RR} 11. b3 O-O 12. Ba3 Kh8 13. Qd2 Be6 14. O-O-O b5 15. cxb5 axb5 16. Bxb5 Nd4 17. Ba4 Bxb3 18. Bxb3 Nxc2 19. Bxd6 Nd4 20. Bxe5 Nxb3+ 21. axb3 Qa5 22. Nd5 Rfc8+ 23. Kb1 Bb4 24. Qb2 Nxe4 25. Nxb4 Qxb4 {Arora,H (2082)-Tomic,A (2388) Cetinje MNE 2024 ½-½ (41)}) 11... O-O 12. f3 Qe8 $146 ({RR} 12... Nh5 13. Bd2 Rf6 14. Ne2 Rg6 15. Kh1 Bh4 16. Be1 Qg5 17. Rg1 Rh6 18. h3 Ng3+ 19. Nxg3 Bxg3 20. Bf1 Rh4 21. Bxg3 fxg3 22. Qe2 Qh5 23. f4 Qh6 24. f5 Ne7 25. Ne3 Ng6 26. Ng4 Qh5 27. Nf6+ {Karabetsas,I-Galanakis,N (1483) Peristeri 2018 0-1 (63)}) 13. Nd5 Bd8 14. b4 a5 15. b5 Nxd5 16. bxc6 Bb6+ 17. Kh1 Nc3 18. Qe1 Na4 19. cxb7 Bxb7 20. Rb1 Bc6 21. Ba3 Rf6 22. c5 Bxc5 23. Bc4+ Kh8 24. Bxc5 Nxc5 25. Qd2 Rc8 26. Qxa5 Nxe4 27. fxe4 Bxe4 28. Na3 Qh5 29. Kg1 Rh6 30. h3 Bxg2 31. Qc7 Bxh3 32. Rb8 Qg4+ 33. Kf2 Qg3+ 34. Ke2 Bxf1+ 35. Kd1 Qf3+ 36. Kc1 Qxa3+ 37. Kd1 Qf3+ 38. Kc1 Qe3+ 39. Kd1 Be2+ 40. Kc2 Bd3+ 41. Kb3 Bxc4+ 42. Kxc4 Qc1+ 0-1

[Event "45th Olympiad Budapest 2024"]
[Site "Budapest"]
[Date "2024.09.20"]
[Round "9.1"]
[White "Romanov, Evgeny"]
[Black "Grandelius, Nils"]
[Result "1-0"]
[WhiteElo "2567"]
[BlackElo "2653"]
[PlyCount "141"]
[EventDate "2024.09.11"]
[EventType "team"]
[EventRounds "11"]
[EventCountry "HUN"]
[WhiteTeam "North Macedonia"]
[BlackTeam "Sweden"]
[BlackTeamCountry "SWE"]

1. d4 d5 2. c4 c6 3. cxd5 cxd5 4. Bf4 Nf6 5. e3 Nc6 6. Bb5 Bd7 7. Nc3 a6 8. Bd3 Bg4 9. Nge2 e6 10. O-O Bd6 11. f3 Bh5 12. Rc1 Bg6 13. Na4 Bxd3 14. Qxd3 Bxf4 15. Nxf4 O-O 16. Nc5 Qe7 17. Qd2 Rfd8 18. Nfd3 Ne8 $146 ({RR} 18... b6 19. Na4 Qb7 20. Rc3 Rac8 21. Rfc1 Ne7 22. Ne5 h6 23. b3 Rxc3 24. Rxc3 Rc8 25. Rxc8+ Nxc8 26. Qb4 Ne8 27. Qc3 Ned6 28. Qc6 f6 29. Qxb7 Nxb7 30. Nd7 {1-0 (29) Krush,I (2429)-Bugayev,V Chess.com INT 2020}) ({RR} 18... Rac8 19. Rc3 Ne8 20. Na4 Na7 21. Rfc1 Nd6 22. Nb6 Rxc3 23. Qxc3 h6 24. Ne5 Nac8 25. Nxc8 Rxc8 26. Qe1 Qe8 27. b3 Nf5 28. Kf2 Qd8 29. g3 Nd6 30. Nd3 Rxc1 31. Qxc1 Qa5 32. Qc2 g6 33. Ke2 {Chandra,A (2495)-Lenderman,A (2587) Saint Louis 2017 ½-½ (40)}) 19. Na4 Nd6 20. Nb6 Rab8 21. a4 Nc8 22. Nxc8 Rbxc8 23. b4 Nb8 24. a5 Qe8 25. Rc5 Rxc5 26. bxc5 Qb5 27. f4 Nc6 28. Ra1 f6 29. h3 Re8 30. Qc3 Re7 31. Ra3 h6 32. Kh2 Kh8 33. Qa1 Kg8 34. Qc3 Kh8 35. Qd2 Kg8 36. f5 e5 37. dxe5 Nxe5 38. Nf4 Rd7 39. Qd4 Qb1 40. Nxd5 Qc2 41. e4 Kh8 42. Rg3 Qe2 43. Qb4 Qc4 44. Qa3 Rf7 45. Qe3 Qa4 46. Nf4 Qxa5 47. Ne6 Kh7 48. Qd4 Nc6 49. Qd5 Kh8 50. Qd6 Kh7 51. e5 Nxe5 52. Qb8 h5 53. Nf8+ Rxf8 54. Qxf8 Qc7 55. Qd6 Qf7 56. Qd1 a5 57. Ra3 Nc4 58. Rc3 Ne5 59. Kh1 Kh6 60. Ra3 Nc6 61. Ra4 Qe8 62. Rh4 Nb4 63. Qd2+ Kh7 64. Qd4 Nd3 65. Kh2 Qe2 66. Qd5 Ne5 67. Qxb7 a4 68. Qe4 Qf2 69. Rxh5+ Kg8 70. Qd5+ Kf8 71. Rh8+ 1-0

[Event "45th Olympiad Budapest 2024"]
[Site "Budapest"]
[Date "2024.09.20"]
[Round "9.2"]
[White "Blomqvist, Erik"]
[Black "Nikolovski, Nikola"]
[Result "1/2-1/2"]
[WhiteElo "2491"]
[BlackElo "2388"]
[PlyCount "97"]
[EventDate "2024.09.11"]
[EventType "team"]
[EventRounds "11"]
[EventCountry "HUN"]
[WhiteTeam "Sweden"]
[BlackTeam "North Macedonia"]
[WhiteTeamCountry "SWE"]

1. e4 d5 2. exd5 Qxd5 3. Nc3 Qa5 4. d4 Nf6 5. Nf3 Bg4 6. h3 Bh5 7. g4 Bg6 8. Ne5 e6 9. h4 Bb4 10. Bd2 Nbd7 11. Nxd7 Kxd7 12. h5 Be4 13. Rh3 Bc6 14. a3 Bxc3 15. Rxc3 $146 ({RR} 15. Bxc3 Qd5 16. Re3 h6 17. Qe2 Rad8 {½-½ (17) Pichler,M (2179)-Poecksteiner,J (2197) Austria 2004}) 15... Ne4 16. Rc5 Qxd2+ 17. Qxd2 Nxd2 18. Kxd2 Bf3 19. Bh3 h6 20. Rg1 Kd6 21. Bf1 f6 22. Rc3 Bd5 23. Re3 Rhe8 24. c4 Bc6 25. b4 b6 26. Bd3 a5 27. b5 Bd7 28. Rc1 c5 29. bxc6 Bxc6 30. f4 Rad8 31. Rce1 Bd7 32. Bg6 Re7 33. Rb3 Kc7 34. Reb1 b5 35. cxb5 e5 36. b6+ Kb8 37. fxe5 fxe5 38. Rd3 Bxg4 39. Re1 Red7 40. Rxe5 Rxd4 41. Rxa5 Rxd3+ 42. Bxd3 Kb7 43. Rb5 Rd6 44. Ke3 Rxb6 45. Rxb6+ Kxb6 46. Bg6 Ka5 47. Kf4 Bxh5 48. Bxh5 Ka4 49. Kf5 1/2-1/2

[Event "45th Olympiad Budapest 2024"]
[Site "Budapest"]
[Date "2024.09.20"]
[Round "9.3"]
[White "Risteski, Emil"]
[Black "Hillarp Persson, Tiger"]
[Result "0-1"]
[WhiteElo "2367"]
[BlackElo "2457"]
[PlyCount "70"]
[EventDate "2024.09.11"]
[EventType "team"]
[EventRounds "11"]
[EventCountry "HUN"]
[WhiteTeam "North Macedonia"]
[BlackTeam "Sweden"]
[BlackTeamCountry "SWE"]

1. e4 c5 2. Nf3 d6 3. d4 cxd4 4. Nxd4 Nf6 5. Nc3 a6 6. h3 e5 7. Nf3 Be7 8. g4 Be6 9. g5 Nfd7 10. Be3 Nb6 11. Qd2 N8d7 12. h4 Rc8 13. h5 Qc7 ({RR} 13... Nc5 14. h6 g6 15. b3 d5 16. Nxe5 Nxe4 17. Nxe4 dxe4 18. Qxd8+ Bxd8 19. c4 f6 20. gxf6 Bxf6 21. Bxb6 Bxe5 22. O-O-O Kf7 23. Bg2 Rhe8 24. Be3 Bf5 25. Rd5 Rcd8 26. Rhd1 Rxd5 27. Rxd5 Kf6 28. a4 {Azarya,J (2370)-Aarts,J (2015) Vlissingen NED 2024 1-0 (70)}) 14. Nh4 g6 15. O-O-O $146 ({RR} 15. f3 Qc6 16. O-O-O Rg8 17. Kb1 Na4 18. Nd5 b5 19. Bh3 Ndb6 20. Bxb6 Nxb6 21. hxg6 hxg6 22. Bxe6 fxe6 23. Nxe7 Kxe7 24. b3 Rcf8 25. Rh3 Nc8 26. Ng2 Rh8 27. Rh6 Rhg8 28. Ne3 Rg7 29. Ng4 Nb6 {Blomqvist,E (2488)-Ceres,D (2434) Riga LAT 2023 ½-½ (47)}) 15... Rg8 16. Kb1 Nc4 17. Bxc4 Qxc4 18. f3 b5 19. Ng2 b4 20. Nd5 Bxd5 21. exd5 a5 22. hxg6 hxg6 23. Rh4 Qb5 24. f4 Kd8 25. Rh7 Rf8 26. Nh4 exf4 27. Bxf4 Nb6 28. b3 Rc5 29. a4 bxa3 30. Be3 Nc4 31. Qd3 Nxe3 32. Qxe3 Rxd5 33. Rh1 Qc5 34. Qf3 Qd4 35. c3 Qd2 0-1

[Event "45th Olympiad Budapest 2024"]
[Site "Budapest"]
[Date "2024.09.20"]
[Round "9.4"]
[White "Pantzar, Milton"]
[Black "Zlatkov, Anton"]
[Result "1-0"]
[WhiteElo "2437"]
[BlackElo "2346"]
[PlyCount "77"]
[EventDate "2024.09.11"]
[EventType "team"]
[EventRounds "11"]
[EventCountry "HUN"]
[WhiteTeam "Sweden"]
[BlackTeam "North Macedonia"]
[WhiteTeamCountry "SWE"]

1. d4 Nf6 2. c4 e6 3. Nc3 Bb4 4. e3 O-O 5. Bd3 d5 6. cxd5 exd5 7. Nge2 Bd6 8. O-O Re8 9. Qc2 ({RR} 9. Bd2 b6 10. Rc1 c5 11. Ng3 Bb7 12. Qf3 Nbd7 13. Nf5 Bf8 14. Qg3 g6 15. Rfd1 Re6 16. e4 dxe4 17. Bc4 Nh5 18. Qh3 Rf6 19. Nh6+ Bxh6 20. Bxh6 Qe8 21. Nb5 Rb8 22. dxc5 Nxc5 23. Bg5 e3 {Grischuk,A (2777)-Ding,L (2805) Chess.com INT 2020 0-1 (46)}) ({RR} 9. Nf4 Bxf4 10. exf4 Nc6 11. Ne2 Ne4 12. f3 Nd6 13. g4 h5 14. h3 Qf6 15. Rf2 g6 16. f5 gxf5 17. gxh5 Kh8 18. Rg2 Nxd4 19. Nxd4 Qxd4+ 20. Kh1 Bd7 21. b3 f6 22. Bb2 Qh4 23. Qc1 Nf7 {Pantzar,M (2356)-Vrolijk,L (2478) Bratislava 2019 ½-½ (36)}) 9... a6 10. a3 ({RR} 10. Bd2 Nbd7 11. Rad1 b6 12. f3 c5 13. g4 c4 14. Bf5 g6 15. Bxd7 Bxd7 16. Nf4 Bc6 17. Nce2 Nd7 18. Ng3 Nf8 19. e4 dxe4 20. Nxe4 Rxe4 21. fxe4 Qh4 22. d5 Bd7 23. h3 Bxg4 24. hxg4 Qg3+ {Zeng,C (2578)-Lou Yiping (2442) Fuling CHN 2024 ½-½}) 10... Nbd7 11. b4 b6 $146 ({RR} 11... c6 12. f3 a5 13. Rb1 axb4 14. axb4 Qb6 15. Kh1 Nf8 16. e4 dxe4 17. fxe4 Be7 18. Bg5 Ng4 19. Bxe7 Rxe7 20. Rf3 Ne6 21. h3 Nxd4 22. Nxd4 Qxd4 23. hxg4 Bxg4 24. Ne2 Qd6 25. Rf2 Re6 26. Kg1 {Abdulrahman Mohammad,A (2029)-Kobayashi,A (2156) Chennai 2022 1-0 (74)}) 12. Nf4 Bxf4 13. exf4 c5 14. dxc5 bxc5 15. Rd1 Bb7 16. Bb2 cxb4 17. axb4 Qb6 18. Na4 Qd6 19. Nc5 Nxc5 20. Be5 Qc6 21. bxc5 Ne4 22. Bxe4 dxe4 23. Rd6 Qc7 24. Rb6 Qe7 25. Qb2 Bd5 26. Bxg7 e3 27. Bd4 e2 28. Re1 Qe4 29. f3 Qxf4 30. Rd6 Rab8 31. Rxe2 Bc4 32. Rxe8+ Rxe8 33. Bf2 Bb5 34. Rd4 Qe5 35. Rg4+ Kf8 36. Qc1 Re6 37. h3 Qe2 38. c6 h5 39. Bc5+ 1-0

[Event "45th Olympiad Budapest 2024"]
[Site "Budapest"]
[Date "2024.09.20"]
[Round "9.1"]
[White "Chinguun, Sumiya"]
[Black "Makhnev, Denis"]
[Result "1-0"]
[WhiteElo "2389"]
[BlackElo "2551"]
[PlyCount "79"]
[EventDate "2024.09.11"]
[EventType "team"]
[EventRounds "11"]
[EventCountry "HUN"]
[WhiteTeam "Mongolia"]
[BlackTeam "Kazakhstan"]
[WhiteTeamCountry "MGL"]
[BlackTeamCountry "KAZ"]

1. e4 e5 2. Nf3 Nc6 3. Bc4 Bc5 4. c3 Nf6 5. d3 a5 6. O-O d6 7. Re1 h6 8. h3 O-O 9. d4 Ba7 10. Bb3 Re8 11. Bc2 Bd7 ({RR} 11... exd4 12. cxd4 Nb4 13. Nc3 Nxc2 14. Qxc2 c6 15. a3 Bd7 16. Bf4 Nh5 17. Bh2 Qc8 18. Kh1 c5 19. Rad1 cxd4 20. Nxd4 Qc5 21. Re2 Nf6 22. Nb3 Qh5 23. Rxd6 a4 24. Nd4 Bc5 25. Rxf6 gxf6 26. Rd2 {Costa,L (2476)-Kurmangaliyeva,L (2230) Orosei ITA 2024 1-0 (41)}) 12. a4 exd4 $146 ({RR} 12... Rc8 13. Na3 exd4 14. cxd4 Nb4 15. Bb1 d5 16. e5 Ne4 17. Nb5 Bxb5 18. axb5 c5 19. bxc6 Nxc6 20. Bxe4 dxe4 21. Rxe4 Qd5 22. Rg4 h5 23. Rh4 Nxe5 24. Nxe5 Rxe5 25. Be3 Rd8 26. b4 b6 27. Qe2 {Huschenbeth,N (2605)-Idani,P (2633) Douglas IOM 2023 1-0 (37)}) 13. cxd4 Nb4 14. Nc3 Nxc2 15. Qxc2 c6 16. Bd2 d5 17. e5 Ne4 18. Nxe4 Bf5 19. Bxa5 Qe7 20. Bb4 Qe6 21. Nf6+ gxf6 22. Qd2 Be4 23. Ra3 Kh7 24. Qf4 fxe5 25. dxe5 Rg8 26. Nh4 Rg5 27. Rxe4 dxe4 28. Qxe4+ Kg8 29. Bd6 Rd8 30. Rd3 Rxe5 31. Bxe5 Rxd3 32. Qxd3 Qxe5 33. Qd2 Qe4 34. g4 Qxa4 35. Nf5 Qb3 36. Qxh6 Qd1+ 37. Kg2 Qd5+ 38. f3 Qe5 39. Qg5+ Kh7 40. Qh5+ 1-0

[Event "45th Olympiad Budapest 2024"]
[Site "Budapest"]
[Date "2024.09.20"]
[Round "9.2"]
[White "Nogerbek, Kazybek"]
[Black "Baasansuren, Erdene"]
[Result "1-0"]
[WhiteElo "2519"]
[BlackElo "2368"]
[PlyCount "219"]
[EventDate "2024.09.11"]
[EventType "team"]
[EventRounds "11"]
[EventCountry "HUN"]
[WhiteTeam "Kazakhstan"]
[BlackTeam "Mongolia"]
[WhiteTeamCountry "KAZ"]
[BlackTeamCountry "MGL"]

1. e4 c5 2. Nf3 d6 3. d4 cxd4 4. Nxd4 Nf6 5. Nc3 a6 6. Qd3 Nbd7 7. Be2 b5 8. Nd5 Bb7 9. a4 bxa4 10. Nxf6+ gxf6 11. Qe3 Nc5 12. f3 h5 13. Qf2 h4 14. O-O e6 15. Rd1 h3 16. g3 Bh6 $146 ({RR} 16... f5 17. exf5 e5 18. Re1 Qf6 19. b4 axb3 20. Nxb3 Nxb3 21. cxb3 d5 22. Bb2 Bd6 23. f4 Qe7 24. fxe5 Bc5 25. Bd4 Bxd4 26. Qxd4 Qg5 27. Rac1 Qxf5 28. Rc7 Rb8 29. Qb4 Qg5 30. Rxb7 Rxb7 31. Qxb7 {Shukhman,A (2144)-Paramzina,A (2233) Cheliabinsk 2022 1-0 (38)}) 17. Bxh6 Rxh6 18. Ra3 Rc8 19. b4 axb3 20. Nxb3 Rh5 21. Nd2 d5 22. f4 Rh8 23. exd5 Bxd5 24. c4 Bg2 25. Nb3 Qc7 26. Nxc5 Qxc5 27. Qxc5 Rxc5 28. Rxa6 Rc7 29. Bf1 Ke7 30. Bxg2 hxg2 31. Rc1 Rd8 32. Rc2 Rc5 33. Kxg2 Kf8 34. Kf2 Rd4 35. Ra4 Kg7 36. Ke3 e5 37. Rb4 Kg6 38. Rb6 Kg7 39. fxe5 fxe5 40. Rb5 Rcxc4 41. Rxc4 Rxc4 42. Rxe5 Kg6 43. Re4 Rc2 44. h3 Rh2 45. h4 Rh1 46. Rg4+ Kf6 47. Rg8 Rf1 48. Ke2 Rf5 49. Rg4 Ra5 50. Kf3 Ra8 51. Rg5 Rb8 52. Kg4 Rb4+ 53. Kh3 Rb8 54. Rg4 Rh8 55. Ra4 Rb8 56. Kg4 Kg6 57. Kf4 Rb1 58. g4 Rf1+ 59. Kg3 Rg1+ 60. Kf2 Rh1 61. Ra6+ f6 62. Kg3 Rg1+ 63. Kf3 Rh1 64. h5+ Kg7 65. Ra7+ Kh6 66. Rf7 Rf1+ 67. Ke3 Kg5 68. Rg7+ Kh6 69. Rg8 Kh7 70. Rg6 f5 71. g5 Rh1 72. Rh6+ Kg7 73. Kf4 Rf1+ 74. Ke5 Re1+ 75. Kxf5 Rf1+ 76. Ke4 Rh1 77. Rg6+ Kh7 78. Kf5 Rf1+ 79. Ke6 Ra1 80. Rf6 Rg1 81. Rf7+ Kg8 82. Rf5 Kg7 83. Ra5 Re1+ 84. Kf5 Rf1+ 85. Kg4 Rg1+ 86. Kf3 Rf1+ 87. Kg2 Rb1 88. Ra7+ Kg8 89. Ra3 Rb5 90. Rg3 Kg7 91. Kh3 Ra5 92. Kh4 Ra4+ 93. Rg4 Ra1 94. Rf4 Rh1+ 95. Kg4 Rg1+ 96. Kf5 Rh1 97. h6+ Kh7 98. g6+ Kg8 99. Ra4 Rf1+ 100. Ke4 Re1+ 101. Kf3 Rf1+ 102. Kg2 Rf8 103. Kg3 Rb8 104. Kg4 Rc8 105. Ra5 Rb8 106. Kg5 Kh8 107. Rf5 Kg8 108. h7+ Kg7 109. Rf7+ Kh8 110. Kh6 1-0

[Event "45th Olympiad Budapest 2024"]
[Site "Budapest"]
[Date "2024.09.20"]
[Round "9.3"]
[White "Amilal, Munkhdalai"]
[Black "Suleymenov, Alisher"]
[Result "0-1"]
[WhiteElo "2374"]
[BlackElo "2484"]
[PlyCount "138"]
[EventDate "2024.09.11"]
[EventType "team"]
[EventRounds "11"]
[EventCountry "HUN"]
[WhiteTeam "Mongolia"]
[BlackTeam "Kazakhstan"]
[WhiteTeamCountry "MGL"]
[BlackTeamCountry "KAZ"]

1. e4 e5 2. Nf3 Nc6 3. Bb5 g6 4. d4 exd4 5. Nxd4 Bg7 6. Nxc6 bxc6 7. Bc4 ({RR} 7. Bd3 Nf6 8. O-O O-O 9. Nc3 Re8 10. h3 d5 11. Qf3 h6 12. Rd1 Be6 13. exd5 cxd5 14. Bb5 Bd7 15. Bxd7 Qxd7 16. Bxh6 Bxh6 17. Qxf6 c6 18. Qf3 Rab8 19. b3 Bg7 20. Rab1 Re5 21. Na4 Rbe8 {Esipenko,A (2671)-Pichot,A (2647) chess.com INT 2024 1-0 (56)}) 7... Ne7 ({RR} 7... d6 8. O-O Nf6 9. Nc3 O-O 10. h3 Rb8 11. Rb1 Re8 12. Re1 Rb4 13. Bd3 c5 14. a3 Rb8 15. Bf4 Bb7 16. Qd2 Nd7 17. Rbd1 Ne5 18. Bf1 Bc6 19. b3 Qf6 20. Bg5 Nf3+ 21. gxf3 Qxc3 22. Qxc3 {Khamdamova,A (2300)-Kvaloy,A (2450) chess.com INT 2024 ½-½ (90)}) 8. Nc3 d6 9. Be3 c5 $146 ({RR} 9... Be6 10. Bd4 O-O 11. Bxg7 Kxg7 12. Qd4+ Kg8 13. Bb3 c5 14. Qe3 Nc6 15. O-O-O Nd4 16. h4 Qf6 17. f4 Rae8 18. Kb1 c6 19. Qg3 Qg7 20. h5 f5 21. hxg6 hxg6 22. Bxe6+ Rxe6 23. Rde1 Rfe8 24. exf5 {Ni,S (2427)-Zhu,J (2336) Hangzhou 2018 ½-½ (48)}) 10. Qd2 Be6 11. Bb5+ c6 12. Be2 Rb8 13. Rb1 O-O 14. O-O Qc7 15. Bh6 Bxh6 16. Qxh6 d5 17. Qh4 Rb4 18. a3 Rd4 19. f3 f5 20. Qg5 Rf7 21. exd5 Nxd5 22. Nxd5 cxd5 23. c3 Ra4 24. Rbe1 Qb6 25. Rf2 c4 26. Bd1 Ra6 27. Kf1 Rf8 28. Rd2 Bf7 29. Qe3 Qxe3 30. Rxe3 Rb8 31. f4 Rab6 32. Ree2 d4 33. Rxd4 Rxb2 34. Rxb2 Rxb2 35. Rd8+ Kg7 36. Rd7 Kf6 37. Bf3 Rb3 38. Rxa7 Rxc3 39. Ke2 Rd3 40. Ra6+ Be6 41. a4 Ke7 42. Ra7+ Kd6 43. Ra6+ Kd7 44. Ra7+ Kc8 45. Rxh7 Rd6 46. Ke1 c3 47. Bd1 Bc4 48. Re7 Bd3 49. Re3 Kc7 50. Bf3 Kb6 51. Re5 Be4 52. Bxe4 fxe4 53. a5+ Kc6 54. Rxe4 Kb5 55. Re2 Kc4 56. Re8 c2 57. Rc8+ Kb3 58. Ke2 Rd1 59. g4 c1=Q 60. Rxc1 Rxc1 61. Kd3 Rc4 62. Ke3 Kb4 63. h4 Kc5 64. h5 gxh5 65. gxh5 Kd5 66. Kf3 Ke6 67. h6 Kf6 68. f5 Rh4 69. a6 Rxh6 0-1